| 000 | 00451nam a2200145Ia 4500 | ||
|---|---|---|---|
| 003 | OSt | ||
| 005 | 20260124085256.0 | ||
| 008 | 211028s2017 xx 000 0 und d | ||
| 040 | _cAIMIT LIBRARY | ||
| 041 | _aeng | ||
| 100 |
_aD Souza, Chethan Antony; Thomas, Babu. _g1516027 _97603 |
||
| 245 | _aStudy on customer preferences in choosing big bazaar for shopping Attavar Mangalore / | ||
| 260 |
_aMangalore _bDr Babu Thomas. _c2017 |
||
| 942 |
_2ddc _cPRO |
||
| 999 |
_c219171 _d219171 |
||